Statistics for People with W Initials

Click here to take the quiz!

General Stats

  • This quiz has been taken 30,869 times
    (19,100 since last reset)
  • The average score is 12 of 21

Answer Stats

InitialsCluePerson% Correct
WDMickey Mouse creatorWalt Disney
98%
WCWWII Prime MinisterWinston Churchill
98%
WS"Hamlet" authorWilliam Shakespeare
92%
WWU.S. President during WWIWoodrow Wilson
82%
WHPop singer who tragically died in 2012Whitney Houston
76%
WF"Anchorman" starWill Ferrell
74%
WPFounder of a U.S. state that bears his nameWilliam Penn
70%
WACritically acclaimed director who creepily married his
partner's adopted daughter
Woody Allen
70%
WGHockey's "Great One"Wayne Gretzky
67%
WTThe fattest U.S. PresidentWilliam Taft
63%
WBBillionaire investor called "The Oracle of Omaha"Warren Buffett
61%
WNRed-headed stranger of country music who didn't pay his taxesWillie Nelson
56%
WR"Beetlejuice" and "Stranger Things" starWinona Ryder
55%
WEHad a shootout at the O.K. CorralWyatt Earp
55%
WYIrish poet and 1923 Nobel Prize winnerWilliam Butler Yeats
50%
WMFormer namesake of DenaliWilliam McKinley
44%
WJ"Fugees" member and wannabe Haitian politicianWyclef Jean
36%
WI"The Legend of Sleepy Hollow" authorWashington Irving
32%
WVDeveloped rockets for the Nazis and, later, the United StatesWernher Von Braun
25%
WKRussian abstract painterWassily Kandinsky
22%
WZ"Werewolves of London"Warren Zevon
21%

Score Distribution

Percentile by Number Answered

Percent of People with Each Score

Your Score History

You have not taken this quiz since the last reset